[Event "AUTO-ADV-2079"]
[Site "http://www.queenalice.com/game.php?id=903808"]
[Date "2011.2.22"]
[Round "1"]
[White "milan3zi"]
[Black "jgces"]
[Result "0-1"]
[WhiteElo "1965"]
[BlackElo "1716"]

1. e4 e6 2. Nf3 d5 3. e5 c5 4. d4 Nc6 5. c3 Qb6 6. Bg5 Qxb2 7. Nbd2 cxd4 8. Nb3
dxc3 9. Bc1 c2 10. Qd2 Qxa1 11. Nxa1 Bb4 12. Nxc2 Bxd2+ 13. Bxd2 Nge7 14. Bb5
O-O 15. O-O a6 16. Bd3 Ng6 17. Re1 b5 18. Bxg6 hxg6 19. Rc1 Bb7 20. Ncd4 Nxd4
21. Nxd4 Rac8 22. Rd1 Rc4 23. Nb3 Rfc8 24. Na5 Rc2 25. Bb4 Rc1 0-1

[Event "AUTO-ADV-2079"]
[Site "http://www.queenalice.com/game.php?id=903809"]
[Date "2011.2.22"]
[Round "1"]
[White "jgces"]
[Black "milan3zi"]
[Result "0-1"]
[WhiteElo "1766"]
[BlackElo "1965"]

1. d4 d5 2. c4 e6 3. Nc3 c5 4. cxd5 exd5 5. dxc5 d4 6. Ne4 Qd5 7. Nd2 Bxc5 8.
Nb3 Nc6 9. Nxc5 Qxc5 10. a3 Nf6 11. b4 Qf5 12. Nf3 Ne4 13. g3 O-O 14. Bg2 Rd8
15. Bb2 Nc3 16. Bxc3 dxc3 17. Qc1 c2 18. Nd2 Nd4 19. Be4 Qe5 20. f4 Qh5 21. Bf3
Bg4 22. Kf2 Bxf3 23. exf3 Re8 24. Re1 Qxh2+ 0-1

[Event "AUTO-ADV-2079"]
[Site "http://www.queenalice.com/game.php?id=903810"]
[Date "2011.2.22"]
[Round "1"]
[White "milan3zi"]
[Black "yannigator"]
[Result "1-0"]
[WhiteElo "1976"]
[BlackElo "1794"]

1. e4 e5 2. Nf3 Nc6 3. Bb5 a6 4. Bxc6 dxc6 5. d3 Nf6 6. Nxe5 Bd6 7. Nf3 O-O 8.
Bg5 Re8 9. O-O Be7 10. Nc3 Bg4 11. Re1 h6 12. Bf4 Bd6 13. Be3 Be5 14. Bd2 Qd6
15. h3 Bxf3 16. Qxf3 Re6 17. Rab1 Rf8 18. Ne2 b5 19. a3 c5 20. b4 c4 21. Nf4
cxd3 22. Nxe6 fxe6 23. cxd3 Bd4 24. Be3 Bxe3 25. Qxe3 e5 26. Rbc1 Rd8 27. Red1
g5 28. Qc5 Qxc5 29. Rxc5 Nxe4 30. Rxe5 Nc3 31. Rde1 Rxd3 32. R5e3 Rxe3 33. Rxe3
Nb1 34. Re6 1-0

[Event "AUTO-ADV-2079"]
[Site "http://www.queenalice.com/game.php?id=903811"]
[Date "2011.2.22"]
[Round "1"]
[White "yannigator"]
[Black "milan3zi"]
[Result "0-1"]
[WhiteElo "1736"]
[BlackElo "1990"]

1. e4 e5 2. Nf3 Nf6 3. Nxe5 Qe7 4. Nf3 Nxe4 5. Be2 d5 6. d3 Nf6 7. O-O Qd6 8.
Re1 Be7 9. Nc3 O-O 10. Bg5 Nc6 11. Bh4 Ng4 12. Bxe7 Nxe7 13. h3 Nf6 14. d4 Qb6
15. Na4 Qb4 16. c3 Qd6 17. Nc5 b6 18. Nd3 Bf5 19. Nde5 Nd7 20. Nxd7 Qxd7 21. Ne5
Qd6 22. Ba6 Ng6 23. Nxg6 Qxg6 24. Qf3 Be4 25. Rxe4 Qxe4 26. Qxe4 dxe4 27. Re1
Rae8 28. Bb7 f5 29. c4 Rf6 30. d5 g5 31. f3 e3 32. Bc6 Re7 33. Kf1 h5 34. Ke2 g4
35. hxg4 hxg4 36. Kd3 gxf3 37. gxf3 f4 38. Rg1+ Rg7 39. Rxg7+ Kxg7 40. Bd7 Kg6
41. Bg4 Kg5 42. a4 Rh6 43. b4 Rd6 0-1

[Event "AUTO-ADV-2042"]
[Site "http://www.queenalice.com/game.php?id=915691"]
[Date "2011.3.21"]
[Round "2"]
[White "Artking"]
[Black "milan3zi"]
[Result "0-1"]
[WhiteElo "1954"]
[BlackElo "2070"]

1. e4 e5 2. Nf3 Nf6 3. Nxe5 Qe7 4. Nc4 Nxe4 5. Qe2 d5 6. Ne3 Nf6 7. Nxd5 Qxe2+
8. Bxe2 Nxd5 9. d4 Nc6 10. c4 Ndb4 11. Bd1 Nxd4 12. Na3 Nd3+ 13. Kd2 Nxc1 14.
Rxc1 g6 15. Re1+ Be6 16. Nc2 Bh6+ 17. Ne3 O-O-O 18. Kc3 Bg7 19. Kb4 Nc6+ 20. Ka4
Ne5 21. Be2 Nd3 22. Bxd3 Rxd3 23. b3 Bd7+ 24. Ka3 Bf8+ 25. Kb2 Rd2+ 26. Rc2 Bg7+
27. Kc1 Rxc2+ 28. Kxc2 Re8 29. Kd1 Bh6 30. Nd5 Rxe1+ 31. Kxe1 Bg5 32. f4 Bd8 33.
h3 c6 34. Nc3 Ba5 35. Kd2 Bxc3+ 36. Kxc3 c5 37. a3 Kc7 38. Kd2 Kd6 39. Ke3 f5
40. g3 Be6 41. Kd3 Kc6 42. b4 cxb4 43. axb4 b5 44. Kd4 bxc4 45. Kc3 Kb5 0-1

[Event "AUTO-ADV-2042"]
[Site "http://www.queenalice.com/game.php?id=915692"]
[Date "2011.3.21"]
[Round "2"]
[White "milan3zi"]
[Black "Artking"]
[Result "1-0"]
[WhiteElo "2060"]
[BlackElo "1905"]

1. e4 d6 2. d4 Nf6 3. Nc3 g6 4. Nf3 Nc6 5. d5 Nb8 6. Bf4 Bg4 7. h3 Bxf3 8. Qxf3
Nbd7 9. Bb5 Bg7 10. O-O-O O-O 11. Rhe1 a6 12. Ba4 b5 13. Bb3 Nc5 14. Qg3 Nh5 15.
Qf3 Nxb3+ 16. cxb3 Nxf4 17. Qxf4 e5 18. Qe3 Rc8 19. Kb1 c5 20. Rc1 Qa5 21. Qd3
c4 22. Qd1 Qb6 23. Re2 b4 24. Na4 Qb7 25. Rxc4 Rxc4 26. bxc4 f5 27. f3 a5 28. b3
f4 29. Rc2 Qa7 30. c5 Rc8 31. cxd6 Rxc2 32. Qxc2 Bf6 33. Nc5 Kf7 34. Ne6 g5 35.
Qc7+ 1-0

[Event "AUTO-ADV-2042"]
[Site "http://www.queenalice.com/game.php?id=915695"]
[Date "2011.3.21"]
[Round "2"]
[White "clovis"]
[Black "milan3zi"]
[Result "0-1"]
[WhiteElo "2100"]
[BlackElo "2020"]

1. e4 e5 2. f4 exf4 3. Nf3 g5 4. Bc4 g4 5. O-O gxf3 6. Qxf3 Qf6 7. d3 Bh6 8. Nc3
Ne7 9. Kh1 Nbc6 10. Nd5 Nxd5 11. exd5 Ne7 12. d6 Qxd6 13. Bxf4 Bxf4 14. Qxf4
Qxf4 15. Rxf4 d5 16. Bb3 Be6 17. Raf1 O-O-O 18. c4 dxc4 19. Bxc4 Bxc4 20. dxc4
f5 21. g4 fxg4 22. Rf7 Ng6 23. Rg7 Rd7 24. Rff7 Rxf7 25. Rxf7 Ne5 26. Rg7 Nxc4
0-1

[Event "AUTO-ADV-2042"]
[Site "http://www.queenalice.com/game.php?id=915696"]
[Date "2011.3.21"]
[Round "2"]
[White "milan3zi"]
[Black "clovis"]
[Result "1-0"]
[WhiteElo "2033"]
[BlackElo "2010"]

1. e4 e5 2. Nf3 Nc6 3. Bb5 f5 4. Bxc6 dxc6 5. exf5 e4 6. Qe2 Qe7 7. Nd4 Qe5 8.
Nf3 Qe7 9. Nd4 Qe5 10. c3 Bxf5 11. Nxf5 Qxf5 12. d3 Nf6 13. Nd2 O-O-O 14. Nxe4
Bd6 15. O-O Ng4 16. Ng3 Qg6 17. h3 Nxf2 18. Qxf2 Bxg3 19. Qxa7 Qxd3 20. Bg5 Qa6
21. Qxa6 bxa6 22. Bxd8 Rxd8 23. Rad1 Re8 24. Rd3 Bh4 25. g3 Bg5 26. h4 Bh6 27.
g4 g6 28. g5 Bg7 29. Rf7 Be5 30. Rxh7 Bd6 31. Kf2 Bc5+ 32. Kf3 Re1 33. Rd2 Ra1
34. b4 Bd6 35. Rg7 Rh1 36. Rxg6 Rh3+ 37. Kg4 Rxc3 38. Rgxd6 cxd6 39. Rxd6 Rc4+
40. Kh5 Kc7 41. Rd3 Rxb4 42. Rb3 Ra4 43. a3 c5 44. g6 Rd4 45. g7 1-0

[Event "AUTO-ADV-2042"]
[Site "http://www.queenalice.com/game.php?id=915697"]
[Date "2011.3.21"]
[Round "2"]
[White "justeldiablo"]
[Black "milan3zi"]
[Result "1-0"]
[WhiteElo "1862"]
[BlackElo "2020"]

1. d4 d5 2. c4 dxc4 3. Qa4+ Nc6 4. Nf3 Qd5 5. Nc3 Qa5 6. Qxc4 Be6 7. d5 Qb4 8.
e4 Qxc4 9. Bxc4 Nb4 10. O-O Bd7 11. e5 O-O-O 12. Ng5 Nh6 13. a3 Nc2 14. Ra2 c6
15. b4 b5 16. Bd3 Nd4 17. Be3 Ndf5 18. Bxa7 cxd5 19. Nxd5 e6 20. Nc3 Kb7 21. Bc5
Bxc5 22. bxc5 Nd4 23. Nge4 Nhf5 24. a4 bxa4 25. Nd6+ Nxd6 26. exd6 Nb3 27. Bb5
Bxb5 28. Nxb5 Nxc5 29. Rc1 Kb6 30. Rb1 Nb3 31. Nc3 Kc6 32. Nxa4 Nd4 33. Rb6+ Kd5
34. Rd2 e5 35. Rb7 Rhf8 36. d7 Kd6 37. f4 f6 38. fxe5+ fxe5 39. h4 Rxd7 40.
Rxd7+ Kxd7 41. Nc5+ Kd6 42. Ne4+ Kd5 43. Ng5 h6 44. Nf3 Ke4 45. Nxd4 1-0

[Event "AUTO-ADV-2042"]
[Site "http://www.queenalice.com/game.php?id=915698"]
[Date "2011.3.21"]
[Round "2"]
[White "milan3zi"]
[Black "justeldiablo"]
[Result "1-0"]
[WhiteElo "2048"]
[BlackElo "1946"]

1. e4 c5 2. Nf3 Nc6 3. Bb5 d6 4. Bxc6+ bxc6 5. d3 Bg4 6. h3 Bxf3 7. Qxf3 Qb6 8.
Nc3 Nf6 9. Bg5 Qxb2 10. O-O Qxc3 11. e5 Nd5 12. exd6 f6 13. Bf4 Nxf4 14. Qxc6+
Kf7 15. Qxa8 Qxc2 16. d7 g5 17. d8=Q Nxd3 18. Qad5+ Kg7 19. Qxd3 1-0

[Event "Challenge"]
[Site "http://www.queenalice.com/game.php?id=920320"]
[Date "2011.4.1"]
[Round "-"]
[White "Ebbe"]
[Black "milan3zi"]
[Result "1-0"]
[WhiteElo "1928"]
[BlackElo "2100"]

1. e4 e5 2. Nf3 Nf6 3. Nc3 Nc6 4. Bc4 Nxe4 5. Nxe4 d5 6. Bd3 dxe4 7. Bxe4 Bg4 8.
h3 Bxf3 9. Bxf3 Qf6 10. O-O O-O-O 11. c3 Bc5 12. b4 Bb6 13. Qb3 Rhe8 14. Be4 Rd6
15. a4 a6 16. a5 Ba7 17. b5 axb5 18. Qxb5 b6 19. Qa6+ Kd7 20. Bxc6+ 1-0

[Event "AUTO-ADV-2015"]
[Site "http://www.queenalice.com/game.php?id=927270"]
[Date "2011.4.18"]
[Round "2"]
[White "milan3zi"]
[Black "vcc1982"]
[Result "0-1"]
[WhiteElo "2077"]
[BlackElo "2234"]

1. e4 c6 2. d4 d5 3. e5 Bf5 4. Nf3 e6 5. c4 Bb4+ 6. Bd2 Bxd2+ 7. Qxd2 Ne7 8. Nc3
dxc4 9. Bxc4 b5 10. Bd3 b4 11. Ne2 a5 12. Ng3 Bxd3 13. Qxd3 Qd5 14. O-O c5 15.
Qb5+ Nd7 16. Rfd1 c4 17. Qxd5 Nxd5 0-1

[Event "AUTO-ADV-2015"]
[Site "http://www.queenalice.com/game.php?id=927271"]
[Date "2011.4.18"]
[Round "2"]
[White "vcc1982"]
[Black "milan3zi"]
[Result "1-0"]
[WhiteElo "2241"]
[BlackElo "2067"]

1. d4 d5 2. c4 e6 3. Nf3 Nc6 4. cxd5 exd5 5. Bf4 Nf6 6. e3 Ne4 7. Bd3 Bb4+ 8.
Nbd2 Bg4 9. Bxe4 dxe4 10. h3 exf3 11. hxg4 fxg2 12. Rg1 Qe7 13. Qa4 Bxd2+ 14.
Kxd2 O-O-O 15. Rad1 Qe4 16. Kc1 Nxd4 17. Rxd4 Rxd4 18. Qxd4 Qxd4 19. exd4 1-0

[Event "AUTO-ADV-2015"]
[Site "http://www.queenalice.com/game.php?id=927272"]
[Date "2011.4.18"]
[Round "2"]
[White "milan3zi"]
[Black "sevenup"]
[Result "1-0"]
[WhiteElo "2083"]
[BlackElo "2101"]

1. e4 e6 2. d4 d5 3. exd5 exd5 4. Nf3 Bd6 5. Nc3 c6 6. Bd3 Bg4 7. O-O Nf6 8.
Re1+ Be6 9. Ng5 O-O 10. Nxe6 fxe6 11. Rxe6 Qc7 12. g3 Qf7 13. Rxd6 Ne4 14. Nxe4
dxe4 15. Bxe4 Qxf2+ 16. Kh1 Na6 17. Bf4 1-0

[Event "AUTO-ADV-2015"]
[Site "http://www.queenalice.com/game.php?id=927273"]
[Date "2011.4.18"]
[Round "2"]
[White "sevenup"]
[Black "milan3zi"]
[Result "1-0"]
[WhiteElo "2130"]
[BlackElo "2058"]

1. e4 e5 2. f4 exf4 3. Bc4 Qh4+ 4. Kf1 g5 5. Nc3 Nf6 6. Nf3 Qh5 7. d4 d6 8. e5
Nfd7 9. h4 h6 10. Kf2 g4 11. Nd5 g3+ 12. Kg1 1-0